00241nam a22000977a 4500008004100000082001100041245005400052260000900106300001000115440001800125180803b xxu||||| |||| 00| 0 eng d a813.52 aNorton Recorded Anthology of Western MusiccNaxos c2010 a5fCD x9780393133105